NBA teams who never won a championship sudden death - Statistics

General Stats
  • This quiz has been taken 366 times
  • The average score is 8 of 10
Answers on the Grid
Answers color-coded by a green-red scale on the quiz's grid according to % correct below.
Trailblazers
Timberwolves
Suns
Sixers
Pistons
Pelicans
Pacers
Nets
Magic
Knicks
Jazz
Hornets
Grizzlies
Clippers
Bucks
 
Answer Stats
Answer % Correct
Timberwolves
87%
Hornets
85%
Grizzlies
84%
Suns
83%
Pelicans
82%
Clippers
79%
Magic
78%
Jazz
77%
Nets
77%
Pacers
77%
No matching quizzes found
Score Distribution
Percent of People with Each Score
Percentile by Number Answered
Your Score History
You have not taken this quiz